| 000 | 00752nam a22002297a 4500 | ||
|---|---|---|---|
| 003 | OSt | ||
| 005 | 20251105085520.0 | ||
| 008 | 251105b |||||||| |||| 00| 0 eng d | ||
| 020 | _a978-974-9823-52-1. | ||
| 040 |
_aDWCL Main lib _cOC |
||
| 082 |
_22nd edition _aCirc. 615.1 M284p 2005 |
||
| 100 | _aManning, Loretta | ||
| 245 |
_aPharmacology made insanely easy/ _cLoretta Manning |
||
| 250 | _a2nd edition | ||
| 260 |
_aBossier City, la. _b : I CAN Pub., Inc., _cc2005. |
||
| 300 |
_a346 pages. _b : illustrations _c21 centimeters. |
||
| 504 | _aIncludes index. | ||
| 650 | _a1. Pharmacology-Handbooks, manuals, etc. | ||
| 650 | _a2. Pharmacology-Handbooks. | ||
| 700 | _aRayfield, Sylvia | ||
| 942 |
_2ddc _cBK-CIRC _e2nd edition _hCirc. _n0 |
||
| 999 |
_c5503 _d5503 |
||